[Event "ISR-chT U14"]
[Site "Afula"]
[Date "2022.08.23"]
[Round "6"]
[White "David, Idan"]
[Black "Ofir, Nevo"]
[Result "1/2-1/2"]
[WhiteElo "1320"]
[BlackElo "1308"]
[PlyCount "68"]
[EventDate "2022.08.21"]
[EventType "team-tourn"]
[EventRounds "9"]
[EventCountry "ISR"]
[SourceTitle "CBM 210 Extra"]
[Source "ChessBase"]
[SourceDate "2022.11.30"]
[SourceVersion "1"]
[SourceVersionDate "2022.11.30"]
[SourceQuality "1"]

1. d4 d5 2. Bf4 Bf5 3. Nf3 Nc6 4. c4 e6 5. a3 Bd6 6. Bg3 Nf6 7. Nc3 a6 8. Nh4 Bg4 9. c5 Be7 10. h3 Bh5 11. Nf3 Nd7 12. e3 0-0 13. Be2 Rb8 14. 0-0 Re8 15. b4 f5 16. b5 axb5 17. Nxb5 Rc8 18. Qc2 b6 19. Bxc7 Rxc7 20. cxb6 Rb7 21. Qxc6 Rxb6 22. Qc2 Bxf3 23. gxf3 e5 24. Qxf5 Rg6+ 25. Kh2 Rf8 26. Qc2 exd4 27. Nxd4 Bd6+ 28. f4 Rxf4 29. exf4 Qh4 30. Qc8+ Nf8 31. Nf3 Qxf4+ 32. Kh1 Re6 33. Bd1 Qh6 34. Ng1 Qf4 1/2-1/2